Dane podnikateľských subjektov
Salvato in:
| Autore principale: | |
|---|---|
| Altri autori: | |
| Natura: | Libro |
| Lingua: | slovacco |
| Pubblicazione: |
Žilina
Poradca podnikateľa
2006
|
| Serie: | Ekonomické učebnice
|
| Soggetti: | |
| Tags: |
Nessun Tag, puoi essere il primo ad aggiungerne!!
|
MARC
| LEADER | 00000nam$a2200000$$$4500 | ||
|---|---|---|---|
| 001 | 0050633 | ||
| 005 | 20240502071601.1 | ||
| 020 | |a 80-88931-55-X | ||
| 041 | 0 | |a slo | |
| 044 | |a SK | ||
| 245 | 1 | 0 | |a Dane podnikateľských subjektov |c Anna Harumová, Květa Kubátová |
| 264 | 1 | |a Žilina |b Poradca podnikateľa |c 2006 | |
| 300 | |a 296 s. | ||
| 490 | 1 | |a Ekonomické učebnice | |
| 830 | 0 | |a Ekonomické učebnice | |
| 610 | 2 | 0 | |a dane |
| 610 | 2 | 0 | |a subjekt |
| 610 | 2 | 0 | |a podnikanie |
| 610 | 2 | 0 | |a zdaňovanie |
| 610 | 2 | 0 | |a politika fiškálna |
| 610 | 2 | 0 | |a politika daňová |
| 610 | 2 | 0 | |a zaťaženie daňové |
| 610 | 2 | 0 | |a raje daňové |
| 610 | 2 | 0 | |a únik daňový |
| 610 | 2 | 0 | |a dane z príjmov |
| 610 | 2 | 0 | |a dane spotrebné |
| 610 | 2 | 0 | |a dane majetkové |
| 610 | 2 | 0 | |a dane ekologické |
| 610 | 2 | 0 | |a dane z hodnoty pridanej |
| 610 | 2 | 0 | |a dane miestne |
| 610 | 2 | 0 | |a správa daňová |
| 610 | 2 | 0 | |a dane priame |
| 610 | 2 | 0 | |a dane nepriame |
| 610 | 2 | 0 | |a poplatky miestne |
| 610 | 2 | 0 | |a Slovensko |
| 610 | 2 | 0 | |a Česko |
| 100 | 1 | |a Harumová, Anna, 1955- | |
| 700 | 1 | |a Kubátová, Květa | |